In the Light of Evolution: Volume VI: Brain and Behavior (Record no. 295110)
[ view plain ]
| 000 -LEADER | |
|---|---|
| fixed length control field | 00388nam a2200109Ia 4500 |
| 008 - FIXED-LENGTH DATA ELEMENTS--GENERAL INFORMATION | |
| fixed length control field | 160531s9999 xx 000 0 und d |
| 100 ## - MAIN ENTRY--PERSONAL NAME | |
| Personal name | Striedter, G.F. |
| 245 ## - TITLE STATEMENT | |
| Title | In the Light of Evolution: Volume VI: Brain and Behavior |
| 245 ## - TITLE STATEMENT | |
| Statement of responsibility, etc | by G.F. Striedter, J.C. Avise, F.J. Ayala (eds) |
| 260 ## - PUBLICATION, DISTRIBUTION, ETC. (IMPRINT) | |
| Date of publication, distribution, etc | 2013 |
| 856 ## - ELECTRONIC LOCATION AND ACCESS | |
| Uniform Resource Identifier | <a href="http://www.ncbi.nlm.nih.gov/books/NBK207171/pdf/Bookshelf_NBK207171.pdf">http://www.ncbi.nlm.nih.gov/books/NBK207171/pdf/Bookshelf_NBK207171.pdf</a> |
| Withdrawn status | Lost status | Damaged status | Home library | Current library | Date acquired | Total Checkouts | Date last seen | Price effective from | Koha item type |
|---|---|---|---|---|---|---|---|---|---|
| College Library | College Library | 05/31/2016 | 05/31/2016 | 05/31/2016 | Curriculum - Based eBooks |